000 00867nam a2200217 i 4500
001 137421
003 ES-MaACL
005 20240228170001.0
007 t|
008 070214s1943 ag |||| | spa d
080 _a347(37:460)
100 1 _aSánchez-Albornoz, Claudio,
_d1893-1984
_9102440
245 1 0 _aRuina y extinción del municipio romano en España e instituciones que le reemplazan /
_cClaudio Sánchez-Albornoz.
260 _aBuenos Aires :
_bFacultad de Filosofía y Letras,
_c1943.
300 _a150 p. ;
_c27 cm.
594 _aPrecede al tít.: Instituto de Historia de la Cultura Española Medieval y Moderna.
651 7 _aEspaña-
_xHistoria-
_y218 a.C.-414 d.C. (Época romana)
_2
_9168873
710 2 _aUniversidad de Buenos Aires.
_bFacultad de Filosofía y Letras.
_97157
852 _aES-MaACL
_jF-11089
999 _c137421
_d137421